[Event "FRA-ch U12"]
[Site "Agen"]
[Date "2024.04.16"]
[Round "4"]
[White "El Zein, Bassam"]
[Black "Le Geay, Joachim"]
[Result "1-0"]
[WhiteElo "1924"]
[BlackElo "1792"]
[PlyCount "123"]
[EventDate "2024.04.14"]
[EventType "swiss"]
[EventRounds "9"]
[EventCountry "FRA"]
[SourceTitle "EXT 2025"]
[Source "ChessBase"]
[SourceDate "2024.10.14"]
[SourceVersion "1"]
[SourceVersionDate "2024.10.14"]
[SourceQuality "1"]

1. Nf3 Nf6 2. g3 d5 3. Bg2 e6 4. 0-0 Be7 5. d4 b5 6. c3 0-0 7. Nbd2 c5 8. Re1 Bb7 9. Qb3 a6 10. Nf1 cxd4 11. cxd4 Nc6 12. Bd2 Qb6 13. e3 b4 14. Qd3 a5 15. b3 Ba6 16. Qc2 Rfc8 17. Qb2 Na7 18. Rec1 Qb7 19. Ne5 Bd6 20. Nc4 Qc7 21. Nxd6 Qxd6 22. a3 Rxc1 23. Qxc1 Rc8 24. Qb2 Bd3 25. Rc1 Rxc1 26. Bxc1 Nb5 27. axb4 axb4 28. Qd2 Be4 29. Bb2 Bxg2 30. Kxg2 Ne4 31. Qd3 Qc6 32. Nd2 Nbc3 33. Nb1 Qb5 34. Qxb5 Nxb5 35. f3 Nec3 36. Nxc3 bxc3 37. Ba1 e5 38. dxe5 d4 39. Kf2 c2 40. Bb2 Nc3 41. exd4 Na2 42. b4 c1Q 43. Bxc1 Nxc1 44. b5 Nb3 45. Ke3 Kf8 46. Kd3 Na5 47. Kc3 Ke7 48. Kb4 Nb7 49. d5 Kd7 50. b6 g5 51. h3 h5 52. h4 gxh4 53. gxh4 f6 54. f4 fxe5 55. fxe5 Kc8 56. e6 Nd6 57. Kc5 Nb7+ 58. Kc6 Na5+ 59. Kd6 Nc4+ 60. Ke7 Kb7 61. d6 Kxb6 62. d7 1-0